| Поле | Инд. | ПП | Название | Значение |
|---|---|---|---|---|
| Тип записи | a | |||
| Библиографический уровень | b | |||
| 001 | Контрольный номер | RU/IS/BASE/126877063 | ||
| 005 | Дата корректировки | 20200522190817.7 | ||
| 084 | a | Индекс другой классификации/Индекс ББК | 66.4в | |
| a | Индекс другой классификации/Индекс ББК | 66.1(2),6 | ||
| 100 | 1_ | a | Автор | Богатуров А. Д. |
| 245 | a | Заглавие | Реалистическая тенденция в российской теории международных отношений | |
| 504 | a | Библиография | Библиогр. ссылки. - Примеч. | |
| 650 | a | Основная рубрика | история политических учений | |
| a | Основная рубрика | международные отношения | ||
| a | Основная рубрика | политика | ||
| 653 | a | Ключевые слова | XX век | |
| a | Ключевые слова | научные школы | ||
| a | Ключевые слова | политические течения | ||
| a | Ключевые слова | политология | ||
| a | Ключевые слова | политэкономическая школа | ||
| a | Ключевые слова | Россия | ||
| a | Ключевые слова | теория международных отношений | ||
| 773 | t | Заглавие источника | Вестник Московского университета. Серия 18, Социология и политология | |
| d | Дата издания источника | 2003 | ||
| g | Прочая информация | № 4. - С. 3 - 21 | ||
| w | Контрольный № источника | RU/IS/BASE/124899300 | ||
| 901 | t | Тип документа | b |